000 01430nam a2200253 4500
005 20250329165417.0
007 ta
008 180709s2021 000 0 eng d
040 _aCO-CtgCURN
_bspa
_ccoctgcurn
082 0 _aBAC 2021
_bM519
100 1 _aMeléndez Conde, Leonardo Antonio.
245 1 0 _aReacciones adversas transfusionales inmediatas :
_brevisión de literatura /
_cLeonardo Antonio Meléndez Conde, Camila Arrieta Rodríguez, Rosario Osorio Daguer.
260 1 _aCartagena de Indias : :
_bCorporación Universitaria Rafael Nuñez,,
_c2021.
300 _a40 hojas.
504 _aTrabajo de grado (Bacteriologia). Corporación Universitaria Rafael Nuñez. Facultad de Ciencias de la salud. Bacteriologia, 2021.
520 _a"La transfusión de productos sanguíneos se asocia ocasionalmente con reacciones adversas inmediatas, pueden generar alteraciones y hasta comprometer la vida del paciente. "
650 1 4 _aBacteriologia
_vTesis y disertaciones academicas.
650 0 _aArrieta Rodríguez, Camila.
650 0 _aOsorio Daguer, Rosario
_edirectora.
856 _uhttps://unicurn.sharepoint.com/:b:/s/biblioteca/EQZdOtG7ZJ1DvCxOcn9kjgoB8EsEcawDrAUVV_P2naAQuA?e=MA5LuT
_zClick aqui para ver el recurso en texto completo
856 7 _zClick aqui para ver el recurso en texto completo
942 _2ddc
_cTG
_hBAC 2021
_iM519
999 _c3075
_d3075